000 nam a22 7a 4500
999 _c8302
_d8302
008 171218b xxu||||| |||| 00| 0 eng d
100 _aEurope Publication
_94722
245 _aAfrica South of the Sahara 1990
250 _b19th edition
260 _aEngland
_bEuropa Publication
_c1989